Villes par images #3 - Statistiques

Statistiques générales
  • Ce quiz a été pris 585 fois
  • Le résultat moyen est 7 sur 12
Statistiques - réponses
Par images Réponse % Correct
Moscou
97%
San Francisco
90%
Athènes
89%
Dubaï
89%
Istanbul
70%
Singapour
65%
La Havane
63%
Chicago
52%
Doha
39%
Louxor
31%
Alexandrie
26%
Kinshasa / Brazzaville
12%
Aucun quiz correspondant
Distribution des résultats
% des personnes avec chaque résultat
Percentile par nombre de réponses
Votre historique - résultats
Vous n’avez pas pris ce quiz